Statistics for The USA Quiz - H

Click here to take the quiz!

General Stats

  • This quiz has been taken 209 times
  • The average score is 18 of 29

Answer Stats

Answer% Correct
US States beginning with HHawaii
95%
Most famous UniversityHarvard
92%
31st PresidentHerbert {Hoover}
86%
Center of the film industryHollywood
86%
Forrest Gump ActorTom Hanks
86%
Large ring you can twirl around bodyHula hoop
78%
Largest US hotel chainHilton Worldwide
76%
Largest Cities beginning with HHouston
75%
Motorcyle maker with loyal community called HOGHarley-Davidson
73%
Largest manufacturer of greeting cardsHallmark
72%
Largest Cities beginning with HHonolulu
70%
Shredded potatoes for breakfastHash brown
70%
NBAMiami {Heat}
66%
9th PresidentWilliam Henry {Harrison}
65%
23rd PresidentBenjamin {Harrison}
64%
NBAAtlanta {Hawks}
63%
19th PresidentRutherford B {Hayes}
63%
Guitarist who died aged 27, ___ _______ ExperienceJimi Hendrix
61%
Author who lived in Florida, Cuba and IdahoErnest Hemmingway
60%
NBACharlotte {Hornets}
56%
Maker of MonopolyHasbro
56%
29th PresidentWarren G {Harding}
55%
Famed for his signatureJohn Hancock
48%
Restaurant with collectible T-ShirtsHard Rock Cafe
47%
Wearable device which amplifies soundHearing aid
42%
NHLCarolina {Hurricanes}
40%
Actress with most Academy AwardsKatharine Hepburn
39%
Aerosol that keeps it all locked togetherHair spray
36%
Largest Cities beginning with HHenderson
11%

Score Distribution

Percentile by Number Answered

Percent of People with Each Score

Your Score History

You have not taken this quiz